Úspory z rozsahu ako faktor konkurenčnej výhody slovenského poľnohospodárstva

Problematika úspor z rozsahu a analýza veľkostnej štruktúry agrárnych podnikov v SR po vstupe do Európskej únie. Príčiny nevyužívania úspor z rozsahu, ktoré zostávajú konkurenčnou výhodou slovenského poľnohospodárstva.

Gespeichert in:
Bibliographische Detailangaben
1. Verfasser: Grznár, Miroslav
Format: Buchkapitel
Sprache:Slowakisch
Schlagworte:
Tags: Tag hinzufügen
Keine Tags, Fügen Sie das erste Tag hinzu!

MARC

LEADER 00000naa$a2200000$$$4500
001 0134806
005 20240502072519.6
041 0 |a slo 
044 |a SK 
245 1 0 |a Úspory z rozsahu ako faktor konkurenčnej výhody slovenského poľnohospodárstva  |c Miroslav Grznár 
520 |a Problematika úspor z rozsahu a analýza veľkostnej štruktúry agrárnych podnikov v SR po vstupe do Európskej únie. Príčiny nevyužívania úspor z rozsahu, ktoré zostávajú konkurenčnou výhodou slovenského poľnohospodárstva. 
610 2 0 |a Slovensko 
610 2 0 |a Európska únia 
610 2 0 |a poľnohospodárstvo 
610 2 0 |a štruktúra poľnohospodárstva 
610 2 0 |a farmy 
610 2 0 |a rozvoj podniku 
610 2 0 |a benchmarking 
610 2 0 |a výhody konkurenčné 
610 2 0 |a analýza komparatívna 
100 1 |a Grznár, Miroslav